| 000 | 00472nam a2200181Ia 4500 | ||
|---|---|---|---|
| 001 | 16752 | ||
| 005 | 20260306170334.0 | ||
| 008 | 260306t2008||||xx |||||||||||||| ||und|| | ||
| 041 | _aESP | ||
| 082 |
_a349.79 _bM36 2008 |
||
| 100 |
_aMedina Minaya, Abdías Jonatán [1969-...] _eAUT |
||
| 245 | 0 |
_aPerú: _bigualdad vs. discriminación religiosa |
|
| 260 | _c2008 | ||
| 300 |
_a182 páginas : _c23 cm. |
||
| 650 | _aGEN | ||
| 654 | _aCDE | ||
| 942 |
_cLIB _dJUS _fJUS _2ddc _n |
||
| 999 |
_c16752 _d16752 |
||